Tourist Attractions in Paris by Images - Statistics

General Stats
  • This quiz has been taken 39 times
  • The average score is 5 of 16
Answer Stats
Picture Answer % Correct
Eiffel Tower
100%
Notre Dame Cathedral
83%
Arc de Triomphe
67%
Seine River
61%
Louvre Museum
39%
Pantheon
31%
Musee d'Orsay
28%
Montmartre
19%
Sainte Chapelle
17%
Centre Pompidou
14%
Grand Palais
14%
Luxembourg Gardens
14%
Pont Alexandre III
11%
Palais Garnier
8%
Tuileries Garden
8%
Musee Rodin
0%
No matching quizzes found
Score Distribution
Percent of People with Each Score
Percentile by Number Answered
Your Score History
You have not taken this quiz